| 000 | 01031nam a2200217 i 4500 | ||
|---|---|---|---|
| 001 | 102841 | ||
| 003 | ES-MaACL | ||
| 005 | 20250901221939.0 | ||
| 007 | t| | ||
| 008 | 140703s1891 sp ||||1| spa d | ||
| 080 | _a636:339.174(460.111 C.) | ||
| 110 | 2 |
_aConsejo Provincial de Agricultura, Industria y Comercio de La Coruña _9154900 |
|
| 245 | 1 | 0 | _aExposición que el Consejo Provincial de Agricultura, Industria y Comercio de La Coruña, elevó al Excelentísimo Sr. Ministro de Fomento para obtener una subvención con destino al concurso de ganados que el referido Consejo acordó verificar en esta capital en el corriente año de 1891. |
| 260 |
_a[S.l.] : _b[s.n.], _c1891 ( _eLa Coruña : _fImp. de la Papelería de Ferrer) |
||
| 300 |
_a24 p. ; _c21 cm. |
||
| 530 | _aDisponible en formato digital. | ||
| 650 | 4 |
_aFerias de ganado- _zLa Coruña. _9154901 |
|
| 852 |
_aES-MaACL _jT-559-F-14 |
||
| 856 |
_uhttp://bdh-rd.bne.es/viewer.vm?id=0000075496&page=1 _zBiblioteca Digital Hispánica |
||
| 999 |
_c102841 _d102841 |
||